00633 2200229 4500001002100000005001500021035002000036245010400056100002300160250000600183300003500189700002100224260003100245082001000276084001600286020002200302650001100324990001700335990001700352990001700369990001700386INLIS00000000000038420181012124321 a0010-10180000741 aTAJAM ( Tanya Jawab Anak Muslim ) :bAkhlak Jilid 2 /cBambang Trimansyah; Editor, Mutia Praheswari0 aBambang Trimansyah a- avi, 42 hlm. :bilus. ;c25 cm.0 aMutia Praheswari aBogor :bYudhistira,c2008 a297.5 a297.5 BAM t a979-979-3503-43-2 aAkhlak a01491/P/2018 a01491/P/2018 a01498/P/2018 a01499/P/2018